[Event "Vladimir Petrov Memorial"]
[Site "Jurmala LAT"]
[Date "2013.02.16"]
[Round "9.3"]
[White "Dreev,A"]
[Black "Zhigalko,S"]
[Result "1/2-1/2"]
[WhiteElo "2654"]
[BlackElo "2656"]

1.d4 d5 2.c4 e6 3.Nc3 c6 4.e4 dxe4 5.Nxe4 Bb4+ 6.Bd2 Qxd4 7.Bxb4 Qxe4+ 8.Ne2 Na6
9.Bf8 Ne7 10.Bxg7 Nb4 11.Qd6 Nd3+ 12.Kd2 Nf5 13.Qxd3 Qxd3+ 14.Kxd3 Nxg7 15.Kc3 c5
16.g3 Bd7 17.Bg2 O-O-O 18.Rad1 Kc7 19.Nf4 Bc6 20.Bxc6 Kxc6 21.Nd3 f6 22.Rhe1 Rd6
23.Nf4 Rhd8 24.Rxd6+ Rxd6 25.a3 a6 26.b4 b5 27.Nd3 cxb4+ 28.axb4 bxc4 29.Kxc4 Ne8
30.Nc5 e5 31.Ra1 Rd4+ 32.Kb3 Nc7 33.Nxa6 Nd5 34.Nb8+ Kb7 35.Nd7 Rxb4+ 36.Kc2 Rd4
37.Nf8 Nb4+ 38.Kc3 Nd5+ 39.Kc2 h6 40.Ne6 Rb4 41.Ng7 Ne7 42.Ne8 Rb6 43.Rd1 Kc8
44.Rd3 Nf5 45.Kd2 Re6 46.Rf3 Nd4 47.Rc3+ Kd8 48.Ng7 Ra6 49.Ke3 Ra2 50.f4 Re2+
51.Kd3 Rxh2 52.fxe5 fxe5 53.Rc5 Rg2 54.Nh5 Nf5 55.Rd5+ Kc7 56.Rxe5 Nxg3 57.Nxg3 Rxg3+
58.Re3  1/2-1/2

[Event "Vladimir Petrov Memorial"]
[Site "Jurmala LAT"]
[Date "2013.02.16"]
[Round "10.4"]
[White "Khalifman,A"]
[Black "Dreev,A"]
[Result "1/2-1/2"]
[WhiteElo "2614"]
[BlackElo "2654"]

1.d4 d5 2.c4 c6 3.Nf3 Nf6 4.e3 Bf5 5.Nc3 e6 6.Nh4 Be4 7.f3 Bg6 8.Qb3 Qc7
9.Bd2 Be7 10.O-O-O a6 11.Nxg6 hxg6 12.cxd5 cxd5 13.Kb1 Nc6 14.Rc1 Na5 15.Qa4+ Nc6
16.Qb3 Na5 17.Qa4+ Nc6  1/2-1/2

[Event "Vladimir Petrov Memorial"]
[Site "Jurmala LAT"]
[Date "2013.02.16"]
[Round "11.4"]
[White "Dreev,A"]
[Black "Fier,A"]
[Result "0-1"]
[WhiteElo "2654"]
[BlackElo "2577"]

1.d4 Nf6 2.c4 g6 3.Nc3 Bg7 4.e4 O-O 5.f3 d6 6.Nge2 Nc6 7.Be3 a6 8.Qd2 Bd7
9.b3 e6 10.g3 Rb8 11.Bg2 b5 12.cxb5 axb5 13.O-O b4 14.Nd1 Na5 15.Nf2 Bb5
16.Rfd1 Nd7 17.Rac1 c5 18.Bf4 e5 19.dxe5 Nxe5 20.Bg5 Qe8 21.f4 Nec6 22.Ng4 f5
23.Nh6+ Kh8 24.Re1 Qd7 25.e5 Bxe2 26.Qxe2 dxe5 27.fxe5 Nxe5 28.Kh1 Nd3 29.Rcd1 Rbe8
30.Be3 Rd8 31.Rf1 Rfe8 32.Qf3 c4 33.Bg5 Bxh6 34.Bxh6 Qd4 35.Rd2 c3 36.Re2 Ne5
37.Qf4 Qxf4 38.Bxf4 Nd3 39.Rxe8+ Rxe8 40.Bg5 Kg7 41.Kg1 h6 42.Bc1 Re2 43.Rd1 Nxc1
44.Rxc1 Rxa2 45.Bd5 Rd2 46.Be6 c2  0-1

[Event "Vladimir Petrov Memorial"]
[Site "Jurmala LAT"]
[Date "2013.02.17"]
[Round "13.5"]
[White "Dreev,A"]
[Black "Fedoseev,Vl3"]
[Result "0-1"]
[WhiteElo "2654"]
[BlackElo "2510"]

1.d4 Nf6 2.c4 g6 3.Nc3 d5 4.Bf4 Bg7 5.e3 O-O 6.cxd5 Nxd5 7.Nxd5 Qxd5 8.Bxc7 Na6
9.Bxa6 Qxg2 10.Qf3 Qxf3 11.Nxf3 bxa6 12.Rg1 Be6 13.b3 Rfc8 14.Rc1 a5 15.Ke2 a4
16.bxa4 Bxa2 17.a5 Bf8 18.Nd2 f6 19.e4 Be6 20.d5 Bd7 21.Rc5 e5 22.d6 Kf7
23.Rb1 Ke6 24.Nc4 Bh6 25.a6 Bf4 26.h3 f5 27.Rb7 fxe4 28.Ne3 Bg5 29.Ng4 Bf4
30.Ne3 Rf8 31.Nd5 Bg5 32.Ba5 Rab8 33.Nc7+ Kf5 34.Bc3 Bf4 35.Rxa7 Rb3 36.Ra8 Rxa8
37.Nxa8 Ra3 38.Nc7 Ra2+ 39.Kd1 Ba4+ 40.Ke1 Rc2 41.Bb4 Rb2 42.Nd5 Rb1+ 43.Ke2 Bd1+
44.Kf1 Bf3+ 45.Be1 Bd2 46.Ne3+ Ke6 47.Rxe5+ Kf6 48.Nc2 Bxe1 49.Nxe1 Kxe5
50.a7 e3 51.fxe3 Rd1 52.Kf2 Bb7  0-1

[Event "20th TCh-RUS 2013"]
[Site "Loo RUS"]
[Date "2013.04.07"]
[Round "1"]
[White "Dreev,A"]
[Black "Vorobiov,E"]
[Result "1/2-1/2"]
[WhiteElo "2654"]
[BlackElo "2580"]

1.d4 Nf6 2.c4 g6 3.Nc3 Bg7 4.e4 d6 5.f3 O-O 6.Nge2 a6 7.Be3 Nc6 8.Qd2 Na5
9.Nc1 Nd7 10.Nb3 c5 11.dxc5 Nxb3 12.axb3 Nxc5 13.Ra3 Be6 14.Be2 a5 15.O-O b6
16.Nd5 Bxd5 17.cxd5 f5 18.exf5 Rxf5 19.Bb5 Rb8 20.b4 Nd7 21.Rfa1 Kh8 22.bxa5 bxa5
23.Rxa5 Nc5 24.R1a3 Qg8 25.b4 Rxd5 26.Qe2 Ne6 27.Bc4 Rxa5 28.Rxa5 Qc8 29.Qd3 Bf6
30.Ra4 Qe8 31.b5 Nc5 32.Bxc5 dxc5 33.Ra7 Kg7 34.g3 Rd8 35.Qe2 Rd4 36.Kg2 Qd8
37.Ra2 Rd1 38.Qe4 Rc1 39.Rc2 Ra1 40.Qd5 Qxd5 41.Bxd5 Rb1 42.Bc4 g5 43.f4 gxf4
44.gxf4 Bd4 45.Kf3 Kf6 46.Ke4 e6 47.Re2 Rb4 48.Kd3 Kf5 49.Bxe6+ Kxf4 50.Re4+ Kg5
51.Bc4 Rb2 52.h3 Rh2 53.Be6 Rb2 54.Bc4 Rh2 55.Rg4+ Kf5 56.Rh4 Rg2 57.Rxh7 Rg3+
58.Kd2 Rg2+ 59.Be2 c4 60.Rc7 c3+ 61.Kd3 Be5 62.Bg4+ Kg5 63.Rc5 Kf6 64.Ke4 Bh2
65.Rxc3 Rb2 66.Rc5 Rb4+ 67.Kd3 Be5 68.Rd5 Ra4 69.Bd7 Rb4 70.Bc8 Ra4 71.b6 Ra3+
72.Ke4 Ra4+ 73.Kf3 Ra3+ 74.Ke2 Ra2+ 75.Kf3 Ra3+ 76.Kg4 Rg3+ 77.Kh4 Rg5 78.Rd3 Kg6
79.Bg4 Bf6 80.Kg3 Rb5 81.Rd6 Kg5 82.h4+ Kg6 83.Rc6 Kg7 84.Be2 Rb3+ 85.Kg4 Bd8
86.h5 Rxb6 87.h6+ Kh8 88.Rc8 Rd6 89.Kf5  1/2-1/2

[Event "20th TCh-RUS 2013"]
[Site "Loo RUS"]
[Date "2013.04.08"]
[Round "2"]
[White "Dreev,A"]
[Black "Alekseev,Evgeny"]
[Result "1/2-1/2"]
[WhiteElo "2654"]
[BlackElo "2695"]

1.d4 Nf6 2.c4 e6 3.Nc3 Bb4 4.Qc2 d6 5.Nf3 O-O 6.Bd2 c5 7.dxc5 dxc5 8.a3 Ba5
9.Rd1 Qe7 10.Ne4 Bxd2+ 11.Nfxd2 Nbd7 12.g3 b6 13.Bg2 Bb7 14.O-O Rfd8 15.Nxf6+ Nxf6
16.Bxb7 Qxb7 17.Nf3 Qc7 18.Rxd8+ Rxd8 19.Rd1 Kf8 20.Kf1 Rxd1+ 21.Qxd1 Ke7
22.Qd3 Qd6 23.Qxd6+ Kxd6 24.Ng5 Ke7 25.Nf3 Kd6 26.Ng5 Ke7 27.Nf3 Kd6 28.Ng5  1/2-1/2

[Event "20th TCh-RUS 2013"]
[Site "Loo RUS"]
[Date "2013.04.09"]
[Round "3"]
[White "Chadaev,N"]
[Black "Dreev,A"]
[Result "1/2-1/2"]
[WhiteElo "2582"]
[BlackElo "2654"]

1.e4 c6 2.Nc3 d5 3.Nf3 Bg4 4.h3 Bxf3 5.Qxf3 e6 6.d4 dxe4 7.Qxe4 Nf6 8.Qd3 Na6
9.a3 Qa5 10.Be2 Nb4 11.Qd2 Nbd5 12.Nxd5 Qxd2+ 13.Bxd2 cxd5 14.Bb5+ Kd8 15.Bd3 Bd6
16.Ke2 Ke7 17.Rhc1 Rac8 18.Kf3 Nd7 19.Ke2 Nb8 20.Bg5+ Kd7 21.c4 Nc6 22.Be3 dxc4
23.Bxc4 Ne7 24.Bb5+ Kd8 25.Rxc8+ Kxc8 26.Rc1+ Kb8 27.Bd3 Nd5 28.Be4 Nxe3
29.fxe3 f5 30.Bf3 Rc8 31.Rxc8+ Kxc8 32.Kd3 Kc7 33.e4 fxe4+ 34.Kxe4 Be7 35.Ke5 Bf6+
36.Kxe6 Bxd4 37.b3 h6 38.a4 Bc3 39.Bd5 b6 40.Bf3 a5  1/2-1/2

[Event "20th TCh-RUS 2013"]
[Site "Loo RUS"]
[Date "2013.04.10"]
[Round "4"]
[White "Wojtaszek,R"]
[Black "Dreev,A"]
[Result "1/2-1/2"]
[WhiteElo "2700"]
[BlackElo "2654"]

1.d4 d5 2.c4 c6 3.Nf3 Nf6 4.Nc3 e6 5.e3 Nbd7 6.Qc2 b6 7.cxd5 exd5 8.Bd3 Bb7
9.O-O Be7 10.Bd2 Qc7 11.Rac1 O-O 12.e4 dxe4 13.Nxe4 c5 14.Rfe1 Nxe4 15.Bxe4 Bxe4
16.Qxe4 Rfe8 17.b4 Qd8 18.dxc5 bxc5 19.b5 Bf6 20.Qxe8+ Qxe8 21.Rxe8+ Rxe8
22.Be3 Re4 23.Bxc5 Nxc5 24.Rxc5 g6 25.Rc6 Kg7 26.g3 Bd8 27.Ra6 Bb6 28.a4 Re2
29.a5 Bxf2+ 30.Kf1 Rb2 31.Ne5 Bc5 32.Nd3 Rb1+ 33.Kg2 Be3 34.Kf3 Bg1 35.Kg2 Be3
36.Kf3 Bg1 37.Kg2 Be3  1/2-1/2

[Event "20th TCh-RUS 2013"]
[Site "Loo RUS"]
[Date "2013.04.11"]
[Round "5"]
[White "Dreev,A"]
[Black "Efimenko,Z"]
[Result "0-1"]
[WhiteElo "2654"]
[BlackElo "2697"]

1.d4 Nf6 2.c4 e6 3.Nc3 Bb4 4.Qc2 O-O 5.a3 Bxc3+ 6.Qxc3 b6 7.Bg5 Bb7 8.e3 d6
9.Nf3 Nbd7 10.Nd2 a5 11.f3 c5 12.dxc5 bxc5 13.Bd3 Qb6 14.O-O a4 15.Bh4 d5
16.Bf2 Ba6 17.Rfd1 Rfb8 18.Rab1 h6 19.h3 Qc7 20.cxd5 Bxd3 21.d6 Qxd6 22.Nc4 Qa6
23.Qxd3 Rb3 24.Qc2 Nb6 25.Ne5 Qb5 26.e4 Nfd7 27.Nxd7 Nxd7 28.Rd2 c4 29.Rbd1 Ne5
30.Rd8+ Rxd8 31.Rxd8+ Kh7 32.Rd2 Nd3 33.Bd4 e5 34.Bc3 Qb6+ 35.Kh2 Qe3 36.Re2 Qf4+
37.Kh1 Qg3 38.Qd1 Nf2+ 39.Rxf2 Qxf2 40.Qd5 Rb6 41.Qd1 Rg6 42.Qg1 Qxg1+ 43.Kxg1 Re6
44.g4 f6 45.Kf2 Rd6  0-1

[Event "20th TCh-RUS 2013"]
[Site "Loo RUS"]
[Date "2013.04.12"]
[Round "6"]
[White "Shirov,A"]
[Black "Dreev,A"]
[Result "1-0"]
[WhiteElo "2700"]
[BlackElo "2654"]

1.e4 c6 2.d4 d5 3.e5 Bf5 4.Nf3 e6 5.Be2 Ne7 6.O-O Bg6 7.Nbd2 Nf5 8.g4 Ne7
9.Nh4 c5 10.c3 Nbc6 11.Nxg6 Nxg6 12.Nf3 Be7 13.g5 Qb6 14.h4 cxd4 15.cxd4 f6
16.exf6 gxf6 17.Bd3 fxg5 18.Re1 O-O-O 19.Rxe6 Qc7 20.Nxg5 Nxd4 21.Rxe7 Nxe7
22.Qg4+ Qd7 23.Qxd4 Nc6 24.Qf4 Rdf8 25.Qg3 h6 26.Be2 hxg5 27.Bg4 Rf5 28.Bxg5 Rhf8
29.Rc1 b6 30.Bxf5 Rxf5 31.f4 Kb7 32.h5 Nd4 33.Re1 Ne6 34.h6 Nxg5 35.fxg5 Qd8
36.Re5 Qc7 37.Re3 Qd8 38.Qg2 Rxg5 39.Rg3 Re5 40.Rg7+ Kc6 41.Qc2+ Kd6 42.Rg6+ Re6
43.Qh2+ Kc5 44.Rxe6 Qg8+ 45.Kf1  1-0

[Event "20th TCh-RUS 2013"]
[Site "Loo RUS"]
[Date "2013.04.13"]
[Round "7"]
[White "Dreev,A"]
[Black "Landa,K"]
[Result "1-0"]
[WhiteElo "2654"]
[BlackElo "2642"]

1.d4 Nf6 2.c4 e6 3.Nc3 Bb4 4.Qc2 d5 5.cxd5 exd5 6.Bg5 c5 7.dxc5 h6 8.Bh4 g5
9.Bg3 Ne4 10.Nf3 Bf5 11.Nd4 Nxc3 12.Nxf5 Ne4+ 13.Kd1 Qf6 14.Nd6+ Nxd6 15.Bxd6 Qxf2
16.Qd3 Nc6 17.e3 Qe1+ 18.Kc2 Qxa1 19.Qxd5 Ba5 20.Bb5 Qxh1 21.Bxc6+ bxc6 22.Qxc6+ Kd8
23.Qxa8+ Kd7 24.Qxa7+ Kc6 25.Qa6+ Kd7 26.Qb7+ Ke6 27.Qe7+ Kd5 28.Qxf7+ Kc6
29.Qf3+ Kd7 30.Qb7+ Kd8 31.Be7+ Ke8 32.Bf6 Rh7 33.Qxh7 Qxg2+ 34.Kb3 Qd5+
35.Ka4 Qc4+ 36.Kxa5 Qxc5+ 37.Ka4 Qc6+ 38.Kb3 Qe6+ 39.Kb4 Qb6+ 40.Kc4 Qc6+
41.Kd3 Qxf6 42.Qe4+ Kf8 43.Qb4+ Kf7 44.a4 Qf5+ 45.Qe4 Qh3 46.Qb7+ Kg6 47.Qb6+ Kh5
48.a5 Qf1+ 49.Kd4 Qd1+ 50.Ke5 Qc2 51.a6 Qxh2+ 52.Ke6 Qc2 53.Ke5 g4 54.a7 Qc8
55.Qa5 Qa8 56.Kd4+ Kh4 57.Qb6 Qh8+ 58.Kd5 Qg8+ 59.Kc5 Qg5+ 60.Kc4 Qg8+ 61.Kb4 Qf8+
62.Ka4 Qe8+ 63.Ka5 g3 64.Qxh6+ Kg4 65.Qf4+ Kh3 66.Qb8 Qh5+ 67.Kb4 g2 68.Qc8+ Kh2
69.Qc7+ Kh3 70.Qd7+ Kh2 71.Qd6+ Kh3 72.a8=Q g1=Q 73.Qc8+ Qhg4+ 74.Qxg4+ Qxg4+
75.Ka3 Qc4 76.Qh6+ Kg2 77.Qg5+ Kh3 78.Qe5 Qa6+ 79.Kb4 Qb6+ 80.Kc3 Qc6+ 81.Kd4 Qb6+
82.Ke4 Kg2 83.Qc3 Qe6+ 84.Kd4 Qd6+ 85.Kc4 Qc6+ 86.Kd3 Qb5+ 87.Kd2 Qd5+ 88.Qd4 Qa2
89.e4 Qa5+ 90.b4 Qa3 91.e5 Qa8 92.Kd3 Qa6+ 93.Qc4 Qa3+ 94.Kd4 Qb2+ 95.Kd5 Qd2+
96.Kc6 Kg3 97.e6 Qd8 98.Qd5 Qc8+ 99.Kb5 Qc7 100.Qe4 Qb8+ 101.Kc4 Qc7+ 102.Kb3 Qe7
103.Qd3+ Kh2 104.Qd7 Qf6 105.e7 Qf3+ 106.Ka4 Qa8+ 107.Kb5 Qb8+ 108.Kc6 Qa8+
109.Kc5  1-0

[Event "14th Euro Indiv 2013"]
[Site "Legnica POL"]
[Date "2013.05.05"]
[Round "1.34"]
[White "Dreev,A"]
[Black "Drozdowski,K"]
[Result "1-0"]
[WhiteElo "2654"]
[BlackElo "2435"]

1.d4 d6 2.c4 e5 3.Nc3 exd4 4.Qxd4 Nf6 5.b3 Nc6 6.Qd2 Be6 7.e4 a5 8.Bd3 Nd7
9.Bb2 Nc5 10.Bc2 Be7 11.Nge2 Bf6 12.O-O a4 13.Rab1 O-O 14.Nd5 Bxd5 15.cxd5 axb3
16.Bxf6 Qxf6 17.axb3 Ne7 18.b4 Nd7 19.Bb3 Ng6 20.Rbc1 Rac8 21.Rc3 Rfe8 22.Ng3 Nh4
23.f4 Qh6 24.Qc1 Nf6 25.Rxc7 Rcd8 26.e5 dxe5 27.d6 Nd7 28.fxe5 Nxe5 29.Qxh6 gxh6
30.Rfxf7 Nxf7 31.Bxf7+ Kf8 32.Bxe8 Rxe8 33.Rxh7 Ng6 34.Rxb7 Re1+ 35.Kf2 Rd1
36.Nf5 Ne5 37.Nxh6 Rd2+ 38.Kg3 Rd3+ 39.Kf4 Nc6 40.Nf5 Ke8 41.Ng7+  1-0

[Event "14th Euro Indiv 2013"]
[Site "Legnica POL"]
[Date "2013.05.06"]
[Round "2.32"]
[White "Gritsak,O"]
[Black "Dreev,A"]
[Result "1/2-1/2"]
[WhiteElo "2549"]
[BlackElo "2654"]

1.Nf3 d5 2.d4 Nf6 3.c4 c6 4.Nc3 e6 5.e3 Nbd7 6.Qc2 b6 7.Be2 Bb7 8.O-O Bd6
9.b3 O-O 10.Bb2 Qe7 11.Rfd1 Rfd8 12.Rac1 Rac8 13.Qb1 a6 14.h3 h6 15.Nd2 c5
16.cxd5 exd5 17.Bf3 cxd4 18.exd4 Nf8 19.Na4 Rxc1 20.Rxc1 Ne6 21.Nf1 Bb8 22.Nxb6 Ba7
23.Na4 Nxd4 24.Bxd4 Bxd4 25.Qd3 Ba7 26.Ne3 Ne4 27.Bxe4 dxe4 28.Qe2 Rf8 29.Qc4 Rc8
30.Qf1 Rd8 31.Qe2 g6 32.Nb2 f5 33.Nbc4 f4 34.Ng4 h5 35.Nge5 Qg5 36.Rd1 Bxf2+
37.Kf1 Rxd1+ 38.Qxd1 e3 39.Qd7 Bxg2+ 40.Ke2 f3+ 41.Nxf3 Bxf3+ 42.Kxf3 Qf6+
43.Ke2 Bh4 44.Qe8+ Kh7 45.Qxe3 Qa1 46.a4 Qe1+ 47.Kd3 Qf1+ 48.Kc2 Bf6 49.Nd2 Qf5+
50.Kc1 Be7 51.Kd1 Qd5 52.Ke2 a5 53.Qf3 Qe6+ 54.Qe3  1/2-1/2

[Event "14th Euro Indiv 2013"]
[Site "Legnica POL"]
[Date "2013.05.07"]
[Round "3.33"]
[White "Dreev,A"]
[Black "Grigoryan,K2"]
[Result "1-0"]
[WhiteElo "2654"]
[BlackElo "2559"]

1.d4 Nf6 2.c4 e6 3.Nc3 Bb4 4.Qc2 O-O 5.a3 Bxc3+ 6.Qxc3 d5 7.Nf3 dxc4 8.Qxc4 b6
9.Bg5 Ba6 10.Qc2 c5 11.dxc5 bxc5 12.Qxc5 Nbd7 13.Qd4 Qb8 14.g3 e5 15.Qb4 e4
16.Nd4 Qe5 17.Bf4 Qh5 18.Qd6 Bb7 19.Bg2 Rfd8 20.Rd1 Nb6 21.Qe5 Qxe5 22.Bxe5 Nc4
23.Bxf6 gxf6 24.Nf5 Rxd1+ 25.Kxd1 Nxb2+ 26.Kc2 Nc4 27.Kc3 Ne5 28.Rb1 Rc8+
29.Kd2 Rd8+ 30.Ke1 Ba8 31.Rb4 a5 32.Ra4 Rb8 33.Bxe4 Bxe4 34.Rxe4 Rb5 35.Kf1 Kf8
36.Kg2 Nc4 37.g4 Nxa3 38.Ra4 Nb1 39.e4 Rc5 40.Rd4  1-0

[Event "14th Euro Indiv 2013"]
[Site "Legnica POL"]
[Date "2013.05.08"]
[Round "4.17"]
[White "Mastrovasilis,D"]
[Black "Dreev,A"]
[Result "0-1"]
[WhiteElo "2610"]
[BlackElo "2654"]

1.e4 c6 2.Nc3 d5 3.Nf3 Bg4 4.h3 Bxf3 5.Qxf3 e6 6.Be2 Nf6 7.O-O Bc5 8.d3 O-O
9.Qg3 Nbd7 10.Kh1 Bd4 11.Bh6 Ne8 12.Bg5 Bf6 13.Bc1 Qa5 14.Nb1 Qa4 15.c3 dxe4
16.Qf4 Nc5 17.d4 Nb3 18.axb3 Qxa1 19.Nd2 Qa5 20.Nxe4 Be7 21.Qg3 Qd5 22.Bd3 Qxb3
23.Ng5 Nf6 24.Qh4 h6 25.Nf3 Qd5 26.Re1 Qh5 27.Qg3 Rad8 28.Ne5 Nd5 29.Ng4 Bg5
30.Qe5 Rfe8 31.f4 f6 32.Qe2 Bh4 33.c4 Bxe1 34.cxd5 Qh4 35.dxe6 Bb4 36.Kh2 f5
37.Bxf5 Rxd4 38.Be3 Rd5 39.Qc2 Qe7 40.Bh7+ Kh8 41.f5 Qd6+  0-1

[Event "14th Euro Indiv 2013"]
[Site "Legnica POL"]
[Date "2013.05.09"]
[Round "5.5"]
[White "Dreev,A"]
[Black "Shimanov,A"]
[Result "1/2-1/2"]
[WhiteElo "2654"]
[BlackElo "2639"]

1.d4 d5 2.c4 e6 3.Nc3 Be7 4.Bf4 Nf6 5.e3 O-O 6.a3 b6 7.Nb5 Na6 8.Nf3 Bb7
9.Qc2 c6 10.Nc3 c5 11.Rd1 cxd4 12.Nxd4 Nc5 13.Be2 Qc8 14.O-O dxc4 15.Bxc4 a6
16.Qe2 Qe8 17.Rc1 b5 18.Ba2 Ncd7 19.Bg3 Rc8 20.e4 b4 21.axb4 Bxb4 22.Bb1 g6
23.Na2 Be7 24.f3 Rxc1 25.Rxc1 Bc5 26.Bf2 Qb8 27.Nc3 Rc8 28.Rd1 e5 29.Nc2 Bxf2+
30.Qxf2 Bc6 31.Ne3 Qb4 32.Ba2 Kg7 33.Qd2 Ba4 34.Ra1 Bb5 35.Rd1 Ba4 36.Ra1 Bb5
37.Rd1 Ba4 38.Ra1 Bb5 39.Rd1 Ba4 40.Ra1 Bb5  1/2-1/2

[Event "14th Euro Indiv 2013"]
[Site "Legnica POL"]
[Date "2013.05.10"]
[Round "6.10"]
[White "Khalifman,A"]
[Black "Dreev,A"]
[Result "1/2-1/2"]
[WhiteElo "2614"]
[BlackElo "2654"]

1.d4 d5 2.c4 c6 3.Nf3 Nf6 4.Nc3 e6 5.Bg5 Nbd7 6.e3 Qa5 7.Nd2 Bb4 8.Rc1 O-O
9.a3 Bxc3 10.Rxc3 dxc4 11.Bxf6 Nxf6 12.Nxc4 Qd5 13.b4 b6 14.Be2 Qxg2 15.Bf3 Qh3
16.Bxc6 Nd5 17.Bxa8 Nxc3 18.Qf3 Qxf3 19.Bxf3 Ba6 20.Ne5 Rc8 21.Nc6 Rc7 22.Kd2 Nb5
23.a4 Nd6 24.b5 Bb7 25.Rc1 Kf8 26.e4 a5 27.Ke3 Ke8 28.Be2 Kd7 29.Ne5+ Kd8
30.Nc6+ Kd7 31.Ne5+ Kd8 32.Nc6+ Kd7  1/2-1/2

[Event "14th Euro Indiv 2013"]
[Site "Legnica POL"]
[Date "2013.05.11"]
[Round "7.14"]
[White "Dreev,A"]
[Black "Kravtsiv,M"]
[Result "1/2-1/2"]
[WhiteElo "2654"]
[BlackElo "2595"]

1.d4 Nf6 2.c4 e6 3.Nc3 Bb4 4.Qc2 d5 5.cxd5 exd5 6.Bg5 c5 7.dxc5 h6 8.Bh4 g5
9.Bg3 Ne4 10.Nf3 Na6 11.e3 Naxc5 12.Bb5+ Bd7 13.Bxd7+ Qxd7 14.O-O Bxc3 15.bxc3 O-O
16.Rfd1 Qa4 17.Rac1 Qxc2 18.Rxc2 Rfd8 19.Nd4 Rac8 20.Nf5 Kf8 21.Be5 f6 22.Bd4 Ne6
23.Bxa7 Nxc3 24.Ra1 Na4 25.Rxc8 Rxc8 26.g4 Ra8 27.Bd4 Nxd4 28.Nxd4 Nc3 29.Rc1 Ra3
30.Rc2 b5 31.Rb2 Rxa2 32.Rxa2 Nxa2 33.Nxb5 Kf7 34.Kg2 Kg6 35.Kf3 h5 36.h3 hxg4+
37.hxg4 f5 38.Nd4 fxg4+ 39.Kxg4 Nc3 40.f4 gxf4  1/2-1/2

[Event "14th Euro Indiv 2013"]
[Site "Legnica POL"]
[Date "2013.05.13"]
[Round "8.15"]
[White "Lenic,L"]
[Black "Dreev,A"]
[Result "1/2-1/2"]
[WhiteElo "2621"]
[BlackElo "2654"]

1.d4 d5 2.c4 c6 3.Nf3 Nf6 4.Nc3 e6 5.e3 Nbd7 6.Qc2 b6 7.Be2 Bb7 8.O-O Be7
9.e4 dxe4 10.Nxe4 Qc7 11.Nxf6+ Bxf6 12.c5 O-O 13.Rd1 Be7 14.Bg5 Bxg5 15.Nxg5 Nf6
16.Bd3 h6 17.Nf3 Rfd8 18.Rac1 a5 19.Qe2 bxc5 20.Rxc5 Qb6 21.Rdc1 Rd6 22.h3 Nd7
23.Qe4 Nf6 24.Qe2 Nd7 25.Bb1 Rd5 26.R5c3 Rb5 27.b3 a4 28.Qc2 axb3 29.Qh7+ Kf8
30.axb3 Nf6 31.Qh8+ Ke7 32.Qxg7 Rg8 33.Qxh6 Rh5 34.Qd2 Rxh3 35.Ne5 Qa5 36.Qe1 Qd5
37.Be4 Nxe4 38.Rxh3 c5 39.Rf3 Ng5 40.Rcc3 Nxf3+ 41.Rxf3 f6 42.Qa5 Rc8 43.Ng6+ Kf7
44.Ne5+ Ke7 45.Ng6+ Kf7 46.Ne5+  1/2-1/2

[Event "14th Euro Indiv 2013"]
[Site "Legnica POL"]
[Date "2013.05.14"]
[Round "9.17"]
[White "Dreev,A"]
[Black "Pashikian,A"]
[Result "1-0"]
[WhiteElo "2654"]
[BlackElo "2603"]

1.d4 Nf6 2.c4 e6 3.Nc3 Bb4 4.Qc2 d5 5.cxd5 exd5 6.Bg5 c5 7.dxc5 h6 8.Bh4 g5
9.Bg3 Ne4 10.Nf3 Na6 11.Nd4 Naxc5 12.f3 Nxc3 13.bxc3 Ba5 14.e3 O-O 15.Bd3 Re8
16.O-O Bd7 17.Bh7+ Kh8 18.Bf5 Rxe3 19.Bxd7 Nxd7 20.Rad1 Qf6 21.Bf2 Rxc3 22.Qa4 Qd8
23.Nb3 Bb6 24.Rxd5 Bxf2+ 25.Rxf2 Rc7 26.Re2 Qc8 27.Qd4+ Kg8 28.Rd6 Rc4 29.Qd5 Nb6
30.Rg6+  1-0

[Event "14th Euro Indiv 2013"]
[Site "Legnica POL"]
[Date "2013.05.15"]
[Round "10.8"]
[White "Dreev,A"]
[Black "Melkumyan,H"]
[Result "1/2-1/2"]
[WhiteElo "2654"]
[BlackElo "2622"]

1.d4 Nf6 2.c4 g6 3.Nc3 d5 4.Bg5 Bg7 5.Bxf6 Bxf6 6.cxd5 c5 7.Nf3 cxd4 8.Nxd4 Qb6
9.Nb3 O-O 10.e3 Rd8 11.Be2 Nc6 12.O-O e6 13.Qd2 Nb4 14.Bf3 Nxa2 15.Ne4 Bg7
16.Qa5 Qxa5 17.Nxa5 exd5 18.Nc5 Nb4 19.Ra4 Bf8 20.Rxb4 Bxc5 21.Nxb7 Bxb7
22.Rxb7 Rab8 23.Bxd5 Rxb7 24.Bxb7 Rb8 25.Rc1 Bxe3 26.Rc8+ Rxc8 27.Bxc8 Bb6
28.Ba6 Kg7 29.Kf1 Kg8 30.Ke2 Kg7 31.b3 Bc5 32.Bc4 Bb6 33.Ba6 Bc5 34.Kf3 Bb6
35.h3 Bc5 36.Ke2 Bb6 37.Bc4 h6 38.Bd5 Bc5 39.Bc4 Bb6 40.Bd5 Bc5  1/2-1/2

[Event "14th Euro Indiv 2013"]
[Site "Legnica POL"]
[Date "2013.05.16"]
[Round "11.10"]
[White "Kovalev,Vl"]
[Black "Dreev,A"]
[Result "0-1"]
[WhiteElo "2523"]
[BlackElo "2654"]

1.e4 c6 2.d4 d5 3.Nc3 dxe4 4.Nxe4 Bf5 5.Ng3 Bg6 6.h4 h6 7.Nf3 Nf6 8.Ne5 Bh7
9.Bd3 Nbd7 10.Bxh7 Nxe5 11.dxe5 Qa5+ 12.Kf1 Nxh7 13.e6 Qd5 14.exf7+ Qxf7
15.Qf3 Qxf3 16.gxf3 e6 17.Bf4 Be7 18.Be5 O-O 19.f4 Rad8 20.Ke2 Nf6 21.Rag1 Kh7
22.Ne4 Nh5 23.Ke3 Bf6 24.Rd1 Rd5 25.Bd6 Rd8 26.c4 Rxd1 27.Rxd1 Bxh4 28.Rh1 Nf6
29.Rxh4 Nxe4 30.Bc7 Rd7 31.Kxe4 Rxc7 32.Ke5 Rd7 33.Rh3 Rd2 34.Rb3 b6 35.Kxe6 Re2+
36.Kd6 Rxf2 37.Kxc6 Rxf4 38.Rc3 h5 39.b4 h4 40.Kd7 g5 41.c5 g4 42.c6 h3 43.Ke7 h2
44.Rc1 Kg6 45.Ke8 Rf7  0-1

[Event "FIDE World Rapid 2013"]
[Site "Khanty-Mansiysk RUS"]
[Date "2013.06.06"]
[Round "1.4"]
[White "Dreev,A"]
[Black "Ponkratov,P"]
[Result "1-0"]
[WhiteElo "2668"]
[BlackElo "2605"]

1.d4 d5 2.c4 c6 3.Nf3 Nf6 4.e3 Bg4 5.h3 Bh5 6.Nc3 e6 7.g4 Bg6 8.Ne5 Nbd7
9.Nxg6 hxg6 10.Bd2 g5 11.Bd3 Be7 12.Qf3 Nb6 13.cxd5 Nfxd5 14.Ne4 Nd7 15.Qg3 Qb8
16.Qxb8+ Rxb8 17.O-O-O Kf8 18.a3 g6 19.Ng3 Bf6 20.Ne2 e5 21.Be4 exd4 22.Nxd4 N7b6
23.Kb1 Kg7 24.Bc1 Rhd8 25.Nf3 Na4 26.Bxd5 cxd5 27.h4 gxh4 28.g5 Be7 29.Rxh4 b5
30.Bd2 f6 31.Nd4 fxg5 32.Rg4 Rdc8 33.Ne6+ Kf6 34.Nxg5 Rc4 35.e4 dxe4 36.Nxe4+ Kf7
37.Be3 Rc6 38.Rh1 Rb7 39.Rh7+ Ke8 40.Bg5 Rbc7 41.Rh8+ Kf7 42.Rf4+ Ke6 43.Bxe7 Rc1+
44.Ka2 Rxe7 45.Rd8 Ke5 46.Rg4 Rc2 47.Rd2 Rxd2 48.Nxd2 Kf5 49.Rb4 a6 50.Nf1 Rd7
51.Ng3+ Kf6 52.Kb1 Nc5 53.Kc2 Ke5 54.Rg4 Kf6 55.Rf4+ Kg5 56.Rf8 Rc7 57.Kd2 Kg4
58.Rf6 Kg5 59.Rf8 Rc6 60.Ke3 Na4 61.Ne4+ Kh6 62.b4 Nb2 63.f4 Kg7 64.Ra8 Nc4+
65.Kd4 Kf7 66.Kd5 Rb6 67.a4 Ne3+ 68.Kc5 Nc4 69.a5 Rb7 70.Rxa6 Re7 71.Nd6+  1-0

[Event "FIDE World Rapid 2013"]
[Site "Khanty-Mansiysk RUS"]
[Date "2013.06.06"]
[Round "2.3"]
[White "Frolyanov,D"]
[Black "Dreev,A"]
[Result "0-1"]
[WhiteElo "2570"]
[BlackElo "2668"]

1.e4 c6 2.d4 d5 3.exd5 cxd5 4.c4 Nf6 5.Nc3 Nc6 6.Bg5 Be6 7.Be2 Qa5 8.Nf3 dxc4
9.O-O Rd8 10.Re1 a6 11.Bf1 Bg4 12.Bxf6 gxf6 13.d5 Ne5 14.Be2 Bxf3 15.Bxf3 Bg7
16.Be4 h5 17.Ne2 f5 18.Bxf5 Rxd5 19.Qc2 Nd3 20.Qxc4 Nxe1 21.Nf4 Rd4 22.Qc8+ Qd8
23.Qc1 Bh6  0-1

[Event "FIDE World Rapid 2013"]
[Site "Khanty-Mansiysk RUS"]
[Date "2013.06.06"]
[Round "3.2"]
[White "Dreev,A"]
[Black "Potkin,V"]
[Result "1-0"]
[WhiteElo "2668"]
[BlackElo "2647"]

1.d4 d5 2.c4 e6 3.Nc3 c6 4.e3 Nf6 5.Nf3 Nbd7 6.Qc2 Bd6 7.b3 O-O 8.Be2 b6
9.O-O Bb7 10.Bb2 Qe7 11.Rfd1 Rfd8 12.Rac1 Rac8 13.Qb1 a6 14.Bd3 h6 15.h3 dxc4
16.bxc4 c5 17.d5 exd5 18.Nxd5 Bxd5 19.cxd5 b5 20.Bf5 Rc7 21.a4 b4 22.Nd2 Nb6
23.a5 Nbxd5 24.Nc4 g6 25.Bc2 Nc3 26.Bxc3 bxc3 27.Qb6 Rcd7 28.Qxa6 Qe6 29.Qb5 Bc7
30.Rxd7 Nxd7 31.Rd1 Ne5 32.Rxd8+ Bxd8 33.Nxe5 Qxe5 34.a6 Qc7 35.Qa4 Qa7 36.Qe8+ Kg7
37.Qxd8 Qxa6 38.Qd1 Qa3 39.Qb1 c4 40.Kf1 h5 41.Ke2 Qd6 42.Qd1 Qb4 43.h4 Qb2
44.Kf3 Qb7+ 45.Be4 Qb4 46.g3 Kf8 47.Qd8+ Kg7 48.Qd4+ Kf8 49.Bd3 Qb7+ 50.Qe4  1-0

[Event "FIDE World Rapid 2013"]
[Site "Khanty-Mansiysk RUS"]
[Date "2013.06.06"]
[Round "5.2"]
[White "Dreev,A"]
[Black "Bologan,V"]
[Result "1-0"]
[WhiteElo "2668"]
[BlackElo "2672"]

1.d4 d6 2.c4 e5 3.Nc3 exd4 4.Qxd4 Nc6 5.Qd2 Nf6 6.Nf3 Be7 7.b3 O-O 8.Bb2 Bf5
9.g3 Ne4 10.Qf4 Nxc3 11.Qxf5 Bf6 12.a3 Re8 13.Qc2 Ne4 14.Bg2 a5 15.O-O Bxb2
16.Qxb2 Qf6 17.Qxf6 Nxf6 18.e3 Ne4 19.Rfd1 Rab8 20.Nd2 Nxd2 21.Rxd2 Ne5 22.Rc1 b6
23.h3 Kf8 24.b4 axb4 25.axb4 Ke7 26.f4 Nd7 27.Bc6 Rec8 28.Ra1 Nf8 29.Ra7 Ne6
30.Kf2 g6 31.Rda2 h5 32.Kf3 Nd8 33.Bd5 b5 34.cxb5 Rxb5 35.Bc4 Rb7 36.Rxb7 Nxb7
37.Ra7 Nd8 38.b5 Kf6 39.Ke4 c6 40.bxc6 Rxc6 41.Bd5 Rb6 42.g4 hxg4 43.hxg4 g5
44.f5 Rb4+ 45.Kf3 Rb5 46.e4 Ke5 47.Re7+ Kd4 48.Rd7 Rb8 49.Rxd6 Ke5 50.Rd7 Rc8
51.Re7+ Kf6 52.Re8 Rc3+ 53.Ke2 Nc6 54.Kd2 Rc5 55.Rc8 Rxd5+ 56.exd5 Ne5 57.d6 Nd7
58.Re8 Nc5 59.Ke3 Nd7 60.Kd4  1-0

[Event "FIDE World Rapid 2013"]
[Site "Khanty-Mansiysk RUS"]
[Date "2013.06.07"]
[Round "6.1"]
[White "Dreev,A"]
[Black "Nepomniachtchi,I"]
[Result "0-1"]
[WhiteElo "2668"]
[BlackElo "2717"]

1.d4 Nf6 2.c4 g6 3.Nc3 d5 4.Bf4 Bg7 5.e3 O-O 6.Rc1 Be6 7.Qb3 c5 8.Qxb7 Qb6
9.Qxb6 axb6 10.Nf3 dxc4 11.dxc5 bxc5 12.Ng5 Bd5 13.Rd1 h6 14.Nxd5 Nxd5 15.Rxd5 hxg5
16.Bxg5 c3 17.bxc3 Rxa2 18.Be2 Bxc3+ 19.Kf1 Nc6 20.g4 Bb4 21.Bf4 Rd8 22.Bf3 c4
23.Kg2 c3 24.Rb5 c2 25.Bxc6 Rd1 26.e4 Raa1 27.Rb8+ Kg7 28.Rxb4 Rxh1 29.Rb7 Rhg1+
30.Kf3 Ra3+ 31.Ke2 c1=Q 32.Bxc1 Rxc1 33.Bd5 Rc2+ 34.Kf1 Rf3 35.Rxe7 Rfxf2+
36.Kg1 Rg2+ 37.Kf1 Rxh2 38.Rxf7+ Kh6 39.Kg1 Rhd2 40.Bb3 Rb2 41.Bc4 Rg2+ 42.Kh1 Rxg4
43.Bd3 Kg5 44.e5 Rd2 45.Ba6 Re4 46.Rf1 Rxe5 47.Bb7 Rf5 48.Bf3 Kf6 49.Kg1 Rd3  0-1